My brother´s keeper : what the social sciences do (and don´t) tell us about masculinity / Mary Stewart Van Leeuwen (Registro nro. 44305)
[ vista simple ]
| 000 -LÍDER | |
|---|---|
| Campo fijo de descripción fija | 019540000a22002170004500 |
| 001 - NÚMERO DE CONTROL | |
| Campo de control | 17655 |
| 020 ## - NÚMERO INTERNACIONAL NORMALIZADO PARA LIBROS | |
| Número Internacional Normalizado del libro | 0-8308-2690-4 |
| 041 0# - CÓDIGO DE IDIOMA | |
| Código de idioma para texto/pista de sonido o título separado | |
| 082 04 - NÚMERO DE CLASIFICACIÓN DECIMAL DEWEY | |
| Número de clasificación | G 261.8343 V259m |
| 100 1# - ASIENTO PRINCIPAL--NOMBRE PERSONAL | |
| Nombre personal | Van Leeuwen, Mary Stewart |
| 245 10 - TÍTULO | |
| Título del Material | My brother´s keeper : what the social sciences do (and don´t) tell us about masculinity / Mary Stewart Van Leeuwen |
| 260 ## - PUBLICACIÓN, DISTRIBUCIÓN, ETC. (PIE DE IMPRENTA) | |
| Lugar de publicación, distribución, etc. | Downer´s Grove : Intervarsity |
| 300 ## - DESCRIPCIÓN FÍSICA | |
| Extensión | 255 p. |
| 336 ## - CONTENT TYPE | |
| Content type term | texto |
| Content type code | txt |
| Source | rdacontent |
| 337 ## - MEDIA TYPE | |
| Source | rdamedia |
| Media type term | sin mediación |
| Media type code | n |
| 338 ## - CARRIER TYPE | |
| Source | rdacarrier |
| Carrier type term | volumen |
| Carrier type code | nc |
| 505 00 - NOTA DE CONTENIDO | |
| Nota de contenido con formato preestablecido | Masculinity under siege/ La masculinidad bajo asedio.--The biblical drama and the gendered powers / El drama bíblico y la lucha de poderes de los géneros.-- Masculinity and honor : a mixed legacy / La masculinidad y el honor: un legado ambiguo.--What can we learn from biology?/ Que podemos aprender de la biología.--What can we learn from developmental psychology?/ Que podemos aprender del desarrollo sicológico.--What can we learn from other cultures?/ Qué podemos aprender de otras culturas? -- The challenge of evolutionary psychology/ El desafío de la sicología evolucionista -- Men, religion and the distortion of the cultural mandate / Hombres, religión, y la distorsión del mandato cultural -- Men, religion and contemporary feminism / Hombres, religión y el feminismo contemporáneo. --Men, marriage and male parenting / Hombres, matrimonio, y la crianza paterna -- Men, masculinity and nonrelational sexuality / Hombres, masculinidad y sexualidad sin relaciones -- An agenda for gender reconciliation./ Una agenda para la reconciliación de géneros-- Names and subject indexes./ Índices de nombres y materias. |
| 650 14 - ASIENTO SECUNDARIO DE MATERIA - TERMINO TEMÁTICO | |
| Término temático o nombre geográfico como elemento de entrada | HOMBRES \ MASCULINIDAD (PSICOLOGIA) \ MASCULINIDAD - ASPECTOS RELIGIOSOS - CRISTIANISMO \ RELIGION Y LAS CIENCIAS SOCIALES \ HOMBRES (TEOLOGIA CRISTIANA) |
| 942 ## - TIPO DE MATERIAL (KOHA) | |
| Tipo de Item KOHA | Libros General |
| Estado de Material | Estado de Perdido | Estado de Dañado | No para Préstamo | Colección | Tomo | Biblioteca de Origen | Biblioteca Permanente | Fecha de Adquisición | Total de Préstamos | Signatura Topográfica | Código de Barras | Última vez visto | Ejemplar/Existencia | Fecha de Remplazo | Tipo de Material |
|---|---|---|---|---|---|---|---|---|---|---|---|---|---|---|---|
| Colección General | Biblioteca FUSBC | Biblioteca FUSBC | 02/08/2012 | G 261.8343 V259m | 17626 | 12/12/2019 | 1 | 26/01/2016 | Libros General |
